000 00637nam a2200253Ia 4500
003 OSt
005 20221005042006.0
006 a|||||r|||| 00| 0
007 ta
008 221004b |||||||| |||| 00| 0 eng d
020 _a8187226625
024 _a79882
037 _cTextual
040 _aCRL
_cCRL
_beng
041 _2eng
_aeng
082 _aY:45.1, P2
100 _aSharma Ramnath
245 0 _aWorld fights terrorism
260 _aDelhi
_bShubhi Publications India
_c2002
300 _a319p.
_ccm.
650 _aSOCIOLOGY
942 _hY:45.1, P2
_cTEXL
_2cc
999 _c949421
_d949421